[Event "Titled Tue 3rd Jan Late"]
[Site "chess.com INT"]
[Date "2025.06.03"]
[Round "3"]
[White "Akkara, Omer"]
[Black "Hernandez Leon, Sergio"]
[Result "0-1"]
[WhiteTitle "CM"]
[BlackTitle "CM"]
[WhiteElo "2036"]
[BlackElo "2106"]
[WhiteFideId "26319802"]
[BlackFideId "2285622"]
[EventDate "2025.06.03"]

1. e4 c5 2. Nf3 Nf6 3. Nc3 d5 4. exd5 Nxd5 5. Bc4 e6 6. O-O Be7 7. Nxd5 exd5 8.
Bb5+ Bd7 9. Bxd7+ Qxd7 10. d4 c4 11. Re1 O-O 12. Bf4 Nc6 13. c3 Bf6 14. h3 Rfe8
15. Qd2 Rxe1+ 16. Rxe1 Re8 17. Be5 Bxe5 18. dxe5 h6 19. Qf4 Qe6 20. Re3 Rd8 21.
Nd4 Nxd4 22. Qxd4 b6 23. g4 Qg6 24. Qd1 h5 25. f4 hxg4 26. hxg4 Qh6 27. Qf3 Qg6
28. f5 Qg5 29. e6 fxe6 30. fxe6 Qe7 31. Re5 d4 32. cxd4 Rxd4 33. Kf2 Rd2+ 34.
Ke1 Rd3 35. Qa8+ Rd8 36. Qe4 Qb4+ 37. Kf1 Rf8+ 38. Kg2 Qd2+ 39. Qe2 Qd6 40. e7
Re8 41. Qxc4+ Kh7 42. Rh5+ Kg6 43. Qe4+ Kf7 44. Rf5+ Kg8 45. Qc4+ Kh7 46. Rh5+
Kg6 47. Qe4+ Kf7 48. Qd5+ Qxd5+ 49. Rxd5 Rxe7 50. Kf3 Rc7 51. Rd2 Ke6 52. b3 g5
53. Ke4 Rf7 54. Ke3 Rf4 55. Rg2 Ke5 56. Rg1 Re4+ 57. Kd3 Rf4 58. Re1+ Kd5 59.
Re7 a5 60. Rb7 Kc6 61. Rg7 Rxg4 62. Rg6+ Kc5 63. Kc3 Rg3+ 64. Kb2 b5 65. a3 b4
66. axb4+ axb4 67. Kc2 Rc3+ 68. Kb2 Rg3 69. Kc2 Kd4 70. Rg8 Rg2+ 71. Kb1 Kc3 72.
Rg7 Kxb3 73. Kc1 g4 74. Rg6 g3 75. Kd1 Rg1+ 76. Kd2 g2 77. Rg4 Ra1 0-1

[Event "Titled Tue 3rd Jan Late"]
[Site "chess.com INT"]
[Date "2025.06.03"]
[Round "3"]
[White "Adewumi, Tanitoluwa"]
[Black "Zilberstein, Dmitry"]
[Result "1-0"]
[WhiteTitle "FM"]
[BlackTitle "IM"]
[WhiteElo "2376"]
[BlackElo "2358"]
[WhiteFideId "30966396"]
[BlackFideId "2010739"]
[EventDate "2025.06.03"]

1. Nf3 Nf6 2. b3 g6 3. Bb2 Bg7 4. g3 O-O 5. Bg2 c5 6. O-O b6 7. Ne5 d5 8. c4 Bb7
9. d4 cxd4 10. Bxd4 Nbd7 11. Nc3 e6 12. Nxd7 Qxd7 13. cxd5 exd5 14. Rc1 Rad8 15.
e3 Rfe8 16. Re1 Ne4 17. Bxg7 Kxg7 18. Qd4+ Kg8 19. Ne2 Qe7 20. Nf4 h5 21. Red1
h4 22. Rc2 hxg3 23. hxg3 Qg5 24. Rc7 Ba8 25. Rxa7 Nxg3 26. fxg3 Qxg3 27. Rf1
Rxe3 28. Rxa8 Rxa8 29. Nxd5 Re6 30. Nf6+ Rxf6 31. Qxf6 Rf8 32. Qxb6 Re8 33. Qb7
Qe3+ 34. Rf2 Qe1+ 35. Bf1 1-0

[Event "Titled Tue 3rd Jan Late"]
[Site "chess.com INT"]
[Date "2025.06.03"]
[Round "3"]
[White "Rojas Alarcon, Julian Antonio"]
[Black "Jumabayev, Rinat"]
[Result "0-1"]
[WhiteTitle "FM"]
[BlackTitle "GM"]
[WhiteElo "2365"]
[BlackElo "2551"]
[WhiteFideId "5107407"]
[BlackFideId "13702661"]
[EventDate "2025.06.03"]

1. c4 Nf6 2. g3 e6 3. Nf3 d5 4. d4 Bb4+ 5. Bd2 a5 6. Qc2 O-O 7. Bg2 Nbd7 8. O-O
Be7 9. b3 c6 10. Nc3 b6 11. e4 Ba6 12. e5 Ne8 13. Ne2 Rc8 14. Rfd1 c5 15. dxc5
Nxc5 16. Nf4 dxc4 17. Bxa5 cxb3 18. axb3 Nd7 19. Qd2 bxa5 20. Qxd7 Qxd7 21. Rxd7
Bb4 22. Nd4 Nc7 23. h4 h6 24. Bf1 Bxf1 25. Kxf1 Na6 26. Rd1 Nc5 27. Ra7 Rfd8 28.
Ke2 Ne4 29. Nb5 Rc2+ 30. Ke3 Rxd1 31. Kxe4 Rxf2 32. Ra8+ Kh7 33. Ra7 Re1+ 34.
Kd4 Rg1 35. Rxf7 Rxg3 0-1

[Event "Titled Tue 3rd Jan Late"]
[Site "chess.com INT"]
[Date "2025.06.03"]
[Round "3"]
[White "Tymrakiewicz, Rafal"]
[Black "Zieba, Hubert"]
[Result "0-1"]
[WhiteTitle "FM"]
[BlackTitle "CM"]
[WhiteElo "2189"]
[BlackElo "2233"]
[WhiteFideId "1108832"]
[BlackFideId "21844704"]
[EventDate "2025.06.03"]

1. d4 d5 2. Bg5 Nf6 3. e3 c5 4. c3 e6 5. Nd2 Nc6 6. f4 Be7 7. Ngf3 O-O 8. Bd3 h6
9. Bxf6 Bxf6 10. O-O b6 11. Ne5 Ne7 12. Qh5 a5 13. Rf3 Ba6 14. Bc2 Be2 15. Raf1
Bxf3 16. Rxf3 Bxe5 17. fxe5 Ng6 18. Rg3 cxd4 19. exd4 Rc8 20. Nf3 b5 21. Bxg6
fxg6 22. Qxg6 Rf7 23. Qxh6 Kf8 24. Qxe6 Qd7 25. Qxd7 Rxd7 26. Ng5 b4 27. Ne6+
Kg8 28. Nc5 bxc3 29. Rxc3 Rf7 30. h3 Rf4 31. Rd3 Rb8 32. b3 Rb4 33. Ne6 Re4 34.
Rg3 a4 35. Rxg7+ Kh8 36. Rd7 axb3 37. axb3 Rxb3 38. Rxd5 Rb2 39. Ng5 Ree2 0-1

[Event "Titled Tue 3rd Jan Late"]
[Site "chess.com INT"]
[Date "2025.06.03"]
[Round "3"]
[White "Crispin Ferreras, Darvi Abraham"]
[Black "Gonzalez Vega, Alejandro"]
[Result "1-0"]
[WhiteTitle "CM"]
[BlackTitle "FM"]
[WhiteElo "2124"]
[BlackElo "2092"]
[WhiteFideId "6402771"]
[BlackFideId "3510042"]
[EventDate "2025.06.03"]

1. d4 d5 2. c4 e6 3. Nc3 Nf6 4. Bg5 Nbd7 5. e3 Bb4 6. Qb3 c5 7. a3 Qa5 8. Bxf6
Nxf6 9. cxd5 Nxd5 10. Ne2 cxd4 11. exd4 O-O 12. Rc1 Bd6 13. Qb5 Qd8 14. Nxd5
exd5 15. Nc3 Re8+ 16. Be2 Bf4 17. Rd1 Bg4 18. O-O Bxe2 19. Nxe2 Bc7 20. Nc3 Qd6
21. g3 Red8 22. Rfe1 Bb6 23. Re5 Qc6 24. Rxd5 Qxb5 25. Rxb5 Bxd4 26. Rxb7 Rac8
27. Kg2 h6 28. Ne2 Bb6 29. Rxd8+ Rxd8 30. b4 Rd2 31. Rb8+ Kh7 32. Re8 Ra2 33. f4
Rxa3 34. f5 Rb3 35. Re4 Rb2 36. Kf3 Rb3+ 37. Kg4 f6 38. Nf4 Re3 39. Rxe3 Bxe3
40. Nd5 Bg1 41. h4 Bd4 42. b5 Bf2 43. Kf3 Bd4 44. h5 Kg8 45. Ke4 Bf2 46. g4 Kf7
47. Nf4 Bg1 48. Kd5 Ke7 49. Ne6 Kf7 50. Kc6 1-0

[Event "Titled Tue 3rd Jan Late"]
[Site "chess.com INT"]
[Date "2025.06.03"]
[Round "3"]
[White "Chekletsov, Ilya"]
[Black "Yazici, Ugur Doga"]
[Result "0-1"]
[WhiteTitle "IM"]
[BlackTitle "CM"]
[WhiteElo "2338"]
[BlackElo "2161"]
[WhiteFideId "24177156"]
[BlackFideId "6363342"]
[EventDate "2025.06.03"]

1. d4 c5 2. d5 e5 3. c4 d6 4. Nc3 Be7 5. g3 h5 6. h4 Nf6 7. e3 Nbd7 8. Nf3 a6 9.
a4 Ng4 10. Nd2 f5 11. Be2 O-O 12. Nf1 e4 13. Nh2 Nde5 14. Bd2 Bf6 15. Nxg4 hxg4
16. h5 Qe8 17. Qb3 Bd7 18. a5 Rb8 19. Na4 Bxa4 20. Rxa4 b5 21. axb6 Rxb6 22.
Qxb6 Qxa4 23. O-O Qc2 24. Rd1 Nxc4 25. Qxa6 Nxd2 26. Qxd6 Nf3+ 27. Bxf3 gxf3 28.
Qe6+ Kh8 29. Rf1 Qxb2 30. Qxf5 Qe5 31. Qxe5 Bxe5 32. Rc1 Rb8 33. Rxc5 Rb1+ 34.
Kh2 Rf1 35. Rc2 Rd1 36. Rc4 Rd2 37. Kg1 Rxd5 38. Rxe4 Kh7 0-1

[Event "Titled Tue 3rd Jan Late"]
[Site "chess.com INT"]
[Date "2025.06.03"]
[Round "3"]
[White "Distaso, Antonio Pio"]
[Black "Vila Dupla, Aurelio"]
[Result "1-0"]
[BlackTitle "FM"]
[WhiteElo "2253"]
[BlackElo "2056"]
[WhiteFideId "805548"]
[BlackFideId "2203383"]
[EventDate "2025.06.03"]

1. e4 e6 2. d4 d5 3. Nd2 Nf6 4. e5 Nfd7 5. c3 b6 6. b4 Ba6 7. b5 Bb7 8. a4 c5 9.
Bd3 Be7 10. Ne2 a6 11. Bb2 f6 12. f4 f5 13. O-O Nf8 14. Nf3 Ng6 15. Qd2 Nd7 16.
g3 O-O 17. h4 Re8 18. Ng5 Ngf8 19. Qe3 Qc7 20. Rfc1 h6 21. Nh3 h5 22. Ng5 g6 23.
Kf2 Nh7 24. Nxe6 Qc8 25. Ng5 Nxg5 26. fxg5 c4 27. Bc2 Nf8 28. Nf4 Kf7 29. Bd1
Ne6 30. Nxh5 gxh5 31. Bxh5+ Kg7 32. Bxe8 Qxe8 33. Qf3 Bc8 34. Rh1 axb5 35. Qxd5
Rb8 36. axb5 Qh5 37. Ra7 Kf8 38. Rxe7 Kxe7 39. Qd6+ Kf7 40. Qxb8 f4 41. Qxc8
fxg3+ 42. Kxg3 Nxg5 43. Rf1+ 1-0

[Event "Titled Tue 3rd Jan Late"]
[Site "chess.com INT"]
[Date "2025.06.03"]
[Round "3"]
[White "Bortnyk, Olexandr"]
[Black "Ambartsumian, Tyhran"]
[Result "1-0"]
[WhiteTitle "GM"]
[BlackTitle "CM"]
[WhiteElo "2601"]
[BlackElo "2179"]
[WhiteFideId "14120828"]
[BlackFideId "34161112"]
[EventDate "2025.06.03"]

1. e4 e5 2. Nf3 Nc6 3. Nc3 Nf6 4. Nd5 Bc5 5. c3 O-O 6. Nxf6+ Qxf6 7. d3 d6 8.
Bg5 Qg6 9. h4 h6 10. h5 Qh7 11. Bh4 f5 12. Qb3+ Kh8 13. exf5 Qxf5 14. O-O-O Bb6
15. Bg3 Be6 16. Qa4 Bf7 17. Be2 Qe6 18. Kb1 a5 19. Nh4 Nb4 20. cxb4 axb4 21. Qb3
Qe8 22. Ng6+ Kg8 23. Qxb4 Ra4 24. Qc3 Bd4 25. Qxc7 Bxa2+ 26. Kc2 Qb5 27. Rb1
Bb3+ 28. Kc1 Ra6 29. Ne7+ Kh7 30. Rh4 Bxf2 31. Bxf2 Rxf2 32. Kd2 Ba2 33. Rc1
Qxb2+ 34. Rc2 Qb1 35. Rg4 Be6 36. Rxg7+ Kxg7 37. Nf5+ Kf6 38. Qg7+ Kxf5 39. Qg6+
Kf4 40. g3# 1-0

[Event "Titled Tue 3rd Jan Late"]
[Site "chess.com INT"]
[Date "2025.06.03"]
[Round "3"]
[White "Odegov, Artem"]
[Black "Dobre, Claudiu-Cristian"]
[Result "1-0"]
[WhiteTitle "FM"]
[BlackTitle "IM"]
[WhiteElo "2244"]
[BlackElo "2265"]
[WhiteFideId "34183644"]
[BlackFideId "1211854"]
[EventDate "2025.06.03"]

1. d4 f5 2. e4 fxe4 3. Nc3 Nf6 4. Bg5 c6 5. f3 d5 6. fxe4 dxe4 7. Bc4 Bg4 8. Qd2
Qa5 9. Nge2 Nbd7 10. O-O-O O-O-O 11. h3 Bxe2 12. Bxe2 h6 13. Bf4 g5 14. Bh2 Bg7
15. Kb1 e5 16. Rhf1 Rhe8 17. Rf5 Qb4 18. Qe1 Nd5 19. Nxd5 Qxe1 20. Rxe1 cxd5 21.
Rf7 Bh8 22. dxe5 Bxe5 23. Bg1 b6 24. Bg4 Kc7 25. Rd1 Kc6 26. Rh7 Rh8 27. Re7 Bc7
28. b4 b5 29. Re6+ Kb7 30. Rxd5 Nb6 31. Rd4 Rxd4 32. Bxd4 Rd8 33. c3 Nc4 34. Bf5
Nd6 35. Bg6 Rd7 36. Kc2 Bb6 37. Be5 Nc4 38. Bxe4+ Ka6 39. Bd3 Nxe5 40. Rxe5 Rd6
41. Re7 Bf2 42. a4 Kb6 43. a5+ Kc6 44. Be4+ Rd5 45. Re6+ Kd7 46. Bxd5 Bg3 47.
Rxh6 1-0

[Event "Titled Tue 3rd Jan Late"]
[Site "chess.com INT"]
[Date "2025.06.03"]
[Round "3"]
[White "Do Carmo, Gabriel Carckeno"]
[Black "Silva, Luca"]
[Result "0-1"]
[BlackTitle "FM"]
[WhiteElo "2021"]
[BlackElo "2227"]
[WhiteFideId "22783024"]
[BlackFideId "147370"]
[EventDate "2025.06.03"]

1. c4 Nf6 2. Nc3 e6 3. e4 d6 4. Nf3 c5 5. d4 cxd4 6. Nxd4 Nc6 7. Be3 a6 8. Be2
Qc7 9. Rc1 Be7 10. O-O O-O 11. f4 Nxd4 12. Bxd4 Bd7 13. Bd3 e5 14. Nd5 Nxd5 15.
cxd5 Qb8 16. Bb6 Bd8 17. Qb3 Bb5 18. Be3 Bxd3 19. Qxd3 exf4 20. Bxf4 Bf6 21. Rc2
Qd8 22. Qg3 Re8 23. Qf3 Qe7 24. Re1 Rac8 25. Rxc8 Rxc8 26. Kh1 h6 27. Qg3 Be5
28. Bxe5 dxe5 29. Qd3 Qd6 30. Rd1 Rc5 31. a3 b5 32. b4 Rc4 33. h3 h5 34. Kh2 h4
35. Kg1 Qb6+ 36. Kh1 Qg6 37. Qe3 Rxe4 38. Qf2 Rf4 0-1

[Event "Titled Tue 3rd Jan Late"]
[Site "chess.com INT"]
[Date "2025.06.03"]
[Round "3"]
[White "Terry, Renato"]
[Black "Gustafsson, Jan"]
[Result "1-0"]
[WhiteTitle "IM"]
[BlackTitle "GM"]
[WhiteElo "2508"]
[BlackElo "2591"]
[WhiteFideId "3803457"]
[BlackFideId "4625498"]
[EventDate "2025.06.03"]

1. e4 e5 2. Nf3 Nc6 3. c3 d5 4. Qa4 f6 5. d3 Ne7 6. Nbd2 Be6 7. Be2 Qd7 8. O-O
Nc8 9. Qc2 Be7 10. b4 a6 11. a3 O-O 12. c4 dxc4 13. dxc4 a5 14. b5 Nd4 15. Nxd4
exd4 16. c5 d3 17. Bxd3 Bxc5 18. Bb2 b6 19. Nb3 Bxb3 20. Qxb3+ Kh8 21. Rad1 Nd6
22. a4 Rae8 23. Rfe1 Qe6 24. Qc2 Re7 25. Kh1 Rfe8 26. f3 h6 27. Rf1 Rd8 28. Bc4
Qc8 29. Bd5 Nf7 30. f4 Rde8 31. Qe2 Nd6 32. e5 fxe5 33. fxe5 Nf5 34. Rf3 Rd8 35.
Bc6 Rxd1+ 36. Qxd1 Ne3 37. Qd3 Qg4 38. Rf8# 1-0

[Event "Titled Tue 3rd Jan Late"]
[Site "chess.com INT"]
[Date "2025.06.03"]
[Round "3"]
[White "Morris-Suzuki, Alan H"]
[Black "Hartge, Gedeon"]
[Result "1-0"]
[BlackTitle "FM"]
[WhiteElo "1986"]
[BlackElo "2328"]
[WhiteFideId "30933218"]
[BlackFideId "12932116"]
[EventDate "2025.06.03"]

1. Nf3 Nf6 2. g3 g6 3. Bg2 Bg7 4. O-O O-O 5. d3 c5 6. e4 Nc6 7. Re1 e6 8. e5 Nd5
9. c4 Nb6 10. Bf4 f6 11. Nc3 fxe5 12. Nxe5 Nxe5 13. Bxe5 Bxe5 14. Rxe5 Rxf2 15.
Kxf2 Qf6+ 16. Qf3 Qxe5 17. Kg1 Qf5 18. Qe3 d6 19. Ne4 Qe5 20. Rf1 Bd7 21. Qf3
Qg7 22. Nf6+ Kh8 23. Qxb7 Rf8 24. Qxa7 Rxf6 25. Qxb6 Rxf1+ 26. Bxf1 Qd4+ 27. Kg2
Ba4 28. Qb8+ Kg7 29. Qa7+ Kh6 30. Qxa4 Qxb2+ 31. Kh3 Qf2 32. Qd1 Qxa2 33. Qg4
Qf2 34. Qf4+ Qxf4 35. gxf4 g5 36. Kg4 gxf4 37. Kxf4 Kg6 38. Bh3 Kf6 39. Bg4 h6
40. h4 Ke7 41. Bf3 Kf6 42. Be4 Ke7 43. Kg4 Kf6 44. Kh5 Ke5 45. Kxh6 d5 46. Bg6
Kf6 47. h5 1-0

[Event "Titled Tue 3rd Jan Late"]
[Site "chess.com INT"]
[Date "2025.06.03"]
[Round "3"]
[White "Sohal, Tanraj"]
[Black "Garcia Correa, Jose Ricardo"]
[Result "0-1"]
[WhiteTitle "FM"]
[BlackTitle "FM"]
[WhiteElo "2234"]
[BlackElo "2103"]
[WhiteFideId "2608499"]
[BlackFideId "5101832"]
[EventDate "2025.06.03"]

1. d4 Nf6 2. c4 e6 3. Nf3 c5 4. e3 b6 5. Bd3 Bb7 6. O-O d6 7. b3 Be7 8. Bb2 O-O
9. Nbd2 Nbd7 10. Qe2 Qc7 11. Rfd1 Rfe8 12. Rac1 Rac8 13. e4 cxd4 14. Nxd4 Qb8
15. h3 Qa8 16. f3 Ne5 17. Nf1 Ng6 18. Qf2 Nh5 19. Ng3 Nhf4 20. Bf1 d5 21. cxd5
exd5 22. exd5 Bxd5 23. Rxc8 Rxc8 24. Ngf5 Bc5 25. a3 a5 26. h4 Bxb3 27. Rc1 Re8
28. Rxc5 bxc5 29. Nxb3 Qb7 30. Nxc5 Qd5 31. Nxg7 Rb8 32. Bd4 Rb1 33. h5 Ne5 34.
Qe3 Qxd4 35. Nf5 Qxe3+ 36. Nxe3 Ned3 37. Ne4 Nxh5 38. Kh2 Ne5 39. Ba6 Ra1 40. g4
Nxf3+ 41. Kg2 Ne1+ 42. Kh3 Nf4+ 43. Kg3 Ne6 44. Nf5 Rxa3+ 45. Kh4 Nf3+ 46. Kh5
Nf4+ 47. Kh6 Ne5 48. Nf6+ Kf8 49. Nxh7+ Ke8 50. Bb5+ Kd8 51. Ng5 Nxg4+ 52. Kg7
f6 53. Nf7+ Kc7 54. Kf8 Kb6 55. Bd7 Ne5 56. Ke7 Nxd7 57. Kxd7 a4 58. N7d6 Rc3 0-1

[Event "Titled Tue 3rd Jan Late"]
[Site "chess.com INT"]
[Date "2025.06.03"]
[Round "3"]
[White "Yue, Tariq"]
[Black "Alazmi, Amani"]
[Result "1-0"]
[WhiteTitle "CM"]
[BlackTitle "WCM"]
[WhiteElo "2192"]
[BlackElo "1725"]
[WhiteFideId "30975182"]
[BlackFideId "10303553"]
[EventDate "2025.06.03"]

1. Nf3 Nf6 2. b3 g6 3. Bb2 Bg7 4. g3 O-O 5. Bg2 c5 6. O-O d5 7. d3 Nc6 8. Nbd2
Bd7 9. e4 d4 10. a4 e5 11. h3 Qc8 12. Kh2 Ne8 13. Ne1 f5 14. exf5 Rxf5 15. Ne4
Ne7 16. Ba3 b6 17. Bc1 Rb8 18. Bg5 Nc6 19. Qd2 Qc7 20. Nf3 Nd6 21. Nxd6 Qxd6 22.
Nh4 Rf7 23. Be4 Rbf8 24. Rae1 Qe6 25. Bg2 Qd6 26. f4 exf4 27. Bxf4 Rxf4 28. Rxf4
Be5 29. Rxf8+ Kxf8 30. Qf2+ Kg8 31. Qf3 Ne7 32. Kg1 g5 33. Qa8+ Kg7 34. Nf3 Bxg3
35. Re2 h6 36. Qxa7 Kf7 37. Qb7 Bc6 38. Rxe7+ Qxe7 39. Qxc6 Qe3+ 40. Kh1 Qc1+
41. Ng1 Bf4 42. Bd5+ Kg7 43. Qd7+ Kg6 44. Qe6+ Kh5 45. Bf3+ 1-0

[Event "Titled Tue 3rd Jan Late"]
[Site "chess.com INT"]
[Date "2025.06.03"]
[Round "3"]
[White "Murzin, Volodar"]
[Black "Tahmasebi, Hamidreza"]
[Result "1-0"]
[WhiteTitle "GM"]
[BlackTitle "FM"]
[WhiteElo "2658"]
[BlackElo "2298"]
[WhiteFideId "44155573"]
[BlackFideId "12537527"]
[EventDate "2025.06.03"]

1. e4 c5 2. Nf3 e6 3. Be2 Nc6 4. O-O Nf6 5. Nc3 d5 6. exd5 Nxd5 7. Bb5 Be7 8.
Bxc6+ bxc6 9. Ne4 O-O 10. d3 f5 11. Ned2 Qc7 12. Nc4 Bf6 13. Re1 Re8 14. Nce5
Rb8 15. c4 Ne7 16. b3 Ng6 17. Bb2 a5 18. Bc3 Ba6 19. Qd2 a4 20. bxa4 Qc8 21. Qe3
Nxe5 22. Bxe5 Rb4 23. a5 Qd8 24. Qxc5 Ra4 25. Bxf6 gxf6 26. Qxc6 Rxa5 27. Rxe6
Rxe6 28. Qxe6+ Kg7 29. Qe2 f4 30. Qe4 Qd6 31. Nd4 Bc8 32. Nb5 Qe5 33. Qxe5 fxe5
34. Kf1 Bd7 35. Nc3 Ra3 36. Rc1 Kf6 37. f3 Kf5 38. Ke2 Be6 39. Kd2 h5 40. g3 Ra7
41. a4 Rg7 42. Ne4 h4 43. g4+ Kg6 44. Rb1 Ra7 45. Rb6 1-0

[Event "Titled Tue 3rd Jan Late"]
[Site "chess.com INT"]
[Date "2025.06.03"]
[Round "3"]
[White "Perry, Patrick"]
[Black "Gurevich, Dmitry"]
[Result "0-1"]
[BlackTitle "GM"]
[WhiteElo "2296"]
[BlackElo "2347"]
[WhiteFideId "30917727"]
[BlackFideId "2000407"]
[EventDate "2025.06.03"]

1. e4 c5 2. d4 cxd4 3. Nf3 Nc6 4. Nxd4 Nf6 5. Nc3 d6 6. Bc4 Bd7 7. f3 Nxd4 8.
Qxd4 g6 9. Be3 Bg7 10. Qd2 Rc8 11. Bb3 a5 12. a4 Be6 13. Bxe6 fxe6 14. O-O O-O
15. Rad1 Nd7 16. Nb5 Ne5 17. b3 Nc6 18. Bh6 Nb4 19. Bxg7 Kxg7 20. c3 Na6 21.
Qd4+ Kg8 22. b4 axb4 23. cxb4 Rc2 24. Rf2 Rxf2 25. Kxf2 Qc8 26. Rd2 Qc1 27. Nc3
Qa3 28. b5 Nc5 29. e5 Nb3 30. Qd3 Nxd2 31. Qxd2 Qc5+ 32. Kf1 Qxe5 33. Ne4 Qd5
34. Qe3 Qe5 35. Qd3 Qxh2 36. a5 Qe5 37. a6 bxa6 38. bxa6 Qd5 39. Qe2 Rb8 40. Kg1
Ra8 41. Kh2 Qe5+ 42. g3 d5 43. Nc3 Qxe2+ 44. Nxe2 Rxa6 45. Nf4 Kf7 0-1

[Event "Titled Tue 3rd Jan Late"]
[Site "chess.com INT"]
[Date "2025.06.03"]
[Round "3"]
[White "Hamedi Nia, Vesal"]
[Black "Gimeno Martos, Roberto"]
[Result "1-0"]
[WhiteTitle "WIM"]
[BlackTitle "CM"]
[WhiteElo "2010"]
[BlackElo "2090"]
[WhiteFideId "12542253"]
[BlackFideId "2226804"]
[EventDate "2025.06.03"]

1. d4 g6 2. e4 Bg7 3. c3 c5 4. Nf3 cxd4 5. cxd4 d6 6. Nc3 Bd7 7. Be3 Nf6 8. Be2
O-O 9. O-O a6 10. a4 Nc6 11. h3 Rc8 12. Re1 e5 13. dxe5 dxe5 14. Qb3 Nd4 15.
Nxd4 exd4 16. Bxd4 Be6 17. Qd1 Qa5 18. Qd2 Rfd8 19. Qe3 Qb4 20. Bxf6 Bxf6 21. e5
Bg7 22. Rab1 Bf5 23. Rbd1 Qxb2 24. Nd5 Re8 25. f4 h5 26. Bf3 Rc2 27. Re2 Rxe2
28. Bxe2 Kh7 29. Bf3 Qa2 30. Qd4 Be6 31. Nc7 Rc8 32. Nxe6 Qxe6 33. a5 b5 34.
axb6 a5 35. b7 Rb8 36. Qa7 Qe8 37. Qxa5 Bf8 38. Qc7 Kh6 39. Rd7 Bb4 40. Rxf7 g5
41. Rf6+ 1-0

[Event "Titled Tue 3rd Jan Late"]
[Site "chess.com INT"]
[Date "2025.06.03"]
[Round "3"]
[White "Llorente Zaro, Alfonso"]
[Black "Grzesik, Gracjan"]
[Result "0-1"]
[WhiteTitle "IM"]
[BlackTitle "CM"]
[WhiteElo "2433"]
[BlackElo "2175"]
[WhiteFideId "2254131"]
[BlackFideId "1194593"]
[EventDate "2025.06.03"]

1. b4 Nf6 2. c4 g6 3. Bb2 Bg7 4. g3 O-O 5. Bg2 d6 6. Nf3 e5 7. Nc3 c6 8. O-O Re8
9. d3 Nbd7 10. b5 Qc7 11. Nd2 Nc5 12. Rb1 Bf5 13. Ba3 Ncd7 14. bxc6 bxc6 15. Qa4
Rac8 16. Rb3 Nb6 17. Qa5 Nfd7 18. Rfb1 Be6 19. Nde4 Bf8 20. Ng5 Bf5 21. Na4 h6
22. Ne4 d5 23. cxd5 cxd5 24. Rc3 Qb8 25. Bxf8 Rxf8 26. Rxc8 Rxc8 27. Nec3 Qd6
28. Nxb6 axb6 29. Qxd5 Qa3 30. Nd1 Rc1 31. Rxc1 Qxc1 32. Qb3 Nc5 0-1

[Event "Titled Tue 3rd Jan Late"]
[Site "chess.com INT"]
[Date "2025.06.03"]
[Round "3"]
[White "Shukhman, Anna"]
[Black "Xiong, Jeffery"]
[Result "0-1"]
[WhiteTitle "WGM"]
[BlackTitle "GM"]
[WhiteElo "2413"]
[BlackElo "2636"]
[WhiteFideId "54180058"]
[BlackFideId "2047640"]
[EventDate "2025.06.03"]

1. e4 c5 2. Nf3 d6 3. d4 cxd4 4. Nxd4 Nf6 5. Nc3 a6 6. Qd3 Nbd7 7. Be2 g6 8. Bg5
Qa5 9. f4 Nc5 10. Qe3 Ncxe4 11. O-O Nxc3 12. bxc3 Bg7 13. Bf3 e6 14. f5 e5 15.
fxg6 hxg6 16. Bxf6 Bxf6 17. Bxb7 Bxb7 18. Rxf6 Qd5 19. Rf2 Qe4 20. Qd2 Qh4 21.
Nf3 Bxf3 22. gxf3 Ke7 23. Re1 Rh5 24. f4 Rah8 25. Rd1 Qf6 26. fxe5 Qg5+ 27. Rg2
Qxd2 28. Rgxd2 dxe5 29. Rd7+ Kf6 30. Rf1+ Rf5 31. Rd6+ Kg5 32. Rxa6 Rxf1+ 33.
Kxf1 Rxh2 34. Rc6 Rxc2 35. a4 f5 36. a5 e4 37. a6 e3 38. a7 Ra2 39. Rc7 f4 40.
Re7 Kg4 41. c4 Kf3 42. Kg1 e2 43. c5 Rxa7 0-1

[Event "Titled Tue 3rd Jan Late"]
[Site "chess.com INT"]
[Date "2025.06.03"]
[Round "3"]
[White "Wu, Derek"]
[Black "Pullela, Sricharan"]
[Result "1-0"]
[WhiteTitle "FM"]
[WhiteElo "2232"]
[BlackElo "2144"]
[WhiteFideId "30914558"]
[BlackFideId "30951089"]
[EventDate "2025.06.03"]

1. e4 e6 2. d4 d5 3. Nd2 Nf6 4. e5 Nfd7 5. Bd3 c5 6. c3 Nc6 7. Ne2 cxd4 8. cxd4
f6 9. exf6 Nxf6 10. Nf3 Bd6 11. O-O O-O 12. Bf4 Bxf4 13. Nxf4 Ne4 14. g3 Qf6 15.
h4 Bd7 16. Re1 Nd6 17. Ng5 g6 18. Ngxe6 Rfe8 19. Nxd5 Qf7 20. Nec7 Rxe1+ 21.
Qxe1 Rf8 22. Qe3 a6 23. Re1 Bf5 24. Bf1 Be4 25. Bg2 Bxg2 26. Kxg2 Nf5 27. Qe6
Nfxd4 28. Qxf7+ Rxf7 29. Ne8 Rf8 30. Nef6+ Kf7 31. Nxh7 Re8 32. Ng5+ Kf8 33. Rd1
Re2 34. Rd3 Rxb2 35. Nf3 Ke8 36. Nxd4 Nxd4 37. Rxd4 Rxa2 38. Nf4 b5 39. Nxg6 Rb2
40. h5 b4 41. h6 1-0

[Event "Titled Tue 3rd Jan Late"]
[Site "chess.com INT"]
[Date "2025.06.03"]
[Round "3"]
[White "Khegay, Yuliya"]
[Black "Novosel, Lovro"]
[Result "0-1"]
[WhiteTitle "WFM"]
[BlackTitle "FM"]
[WhiteElo "1879"]
[BlackElo "2346"]
[WhiteFideId "14205394"]
[BlackFideId "14547120"]
[EventDate "2025.06.03"]

1. c4 c5 2. Nc3 Nc6 3. Nf3 g6 4. Rb1 Bg7 5. a3 d6 6. b4 b6 7. g3 Bb7 8. Bg2 Nf6
9. O-O O-O 10. d3 Rb8 11. Nd2 Qc8 12. bxc5 bxc5 13. Qa4 Nd4 14. Qxa7 Bxg2 15.
Rxb8 Qxb8 16. Qxb8 Rxb8 17. Kxg2 Kf8 18. e3 Nb3 19. Nxb3 Rxb3 20. Nb5 Rxd3 21.
a4 Nd7 22. a5 Nb8 23. Nc7 Rb3 24. a6 Nc6 25. Nb5 Rb4 26. Bd2 Rxc4 27. Rb1 f5 28.
Nc7 Ra4 29. Rb6 Nb4 30. Rb7 Nxa6 31. Ra7 Nxc7 32. Rxa4 Kf7 33. Ra7 Nd5 34. Bc1
Nb4 35. Ba3 h5 36. Bxb4 cxb4 37. Rb7 Bc3 38. Kf3 g5 39. h4 g4+ 40. Kf4 Kf6 41.
e4 Bd2# 0-1

[Event "Titled Tue 3rd Jan Late"]
[Site "chess.com INT"]
[Date "2025.06.03"]
[Round "3"]
[White "Zahedifar, Anahita"]
[Black "Bullen, Alex"]
[Result "0-1"]
[WhiteTitle "WFM"]
[BlackTitle "CM"]
[WhiteElo "2143"]
[BlackElo "2160"]
[WhiteFideId "12560715"]
[BlackFideId "1801627"]
[EventDate "2025.06.03"]

1. c4 a6 2. g3 g6 3. Nc3 Bg7 4. Bg2 e6 5. Nf3 Ne7 6. O-O d5 7. cxd5 Nxd5 8. Nxd5
Qxd5 9. Qc2 Nc6 10. d3 O-O 11. Bf4 Qh5 12. Bxc7 Nb4 13. Qb3 Nd5 14. Ba5 Bd7 15.
Bd2 Bc6 16. Rac1 Rac8 17. h4 Nf6 18. Bc3 Ng4 19. Bxg7 Kxg7 20. e4 h6 21. Nd4 g5
22. f3 Ne3 23. Rfe1 Nxg2 24. Kxg2 gxh4 25. Rh1 Qg5 26. Ne2 hxg3 27. Rh3 Qe3 28.
Rxg3+ Kh7 29. Qd1 Rg8 30. Rc3 Rxg3+ 31. Nxg3 Rg8 32. d4 Qf4 33. Qe1 h5 34. Rc5
f5 35. d5 h4 36. dxc6 Rxg3+ 37. Kh2 Rxf3+ 38. Kg2 h3+ 39. Kg1 Rg3+ 40. Kh1 Qf3+
41. Kh2 Qg2# 0-1